00692nam a2200193 i 450000100060000000300090000600500170001500700030003200800410003513000400007624500680011625000120018426000490019630000330024570000490027885200320032799900170035995201220037633571ES-MaACL20250822003238.0t|030202s1970 sp ||||1| spa d0 aBiblia. pN.T. lEspañol.911929410aNuevo Testamento / ctraducción por Felipe de Fuenterrabía. a6ª ed. aEstella (Navarra) : bVerbo Divino, c[1970] a610 p. : b1 map. ; c15 cm.0 aFelipe de Fuenterrabía,d1919-20039150919 aES-MaACLjC-42135 bR.75185 c33571d33571 00104070aATENEOMbATENEOMcDEPO2d2008-01-17eSCl0oC-42135p1034933r2023-02-23 00:00:00w2023-02-23yMONOGRAFIA